Pays les plus proches de Brasília - Statistiques

Statistiques générales
  • Ce quiz a été pris 255 fois
  • Le résultat moyen est 18 sur 20
Statistiques - réponses
km pays % Correct
1259 Argentine
100%
2737 Colombie
99%
1106 Paraguay
99%
1835 Uruguay
99%
1054 Bolivie
98%
2159 Chili
98%
2272 Pérou
98%
2629 Venezuela
96%
2190 Guyana
95%
2156 Suriname
95%
3426 Équateur
92%
2077 France (Guyane)
90%
3486 Saint-Vincent-et- les-Grenadines
82%
3585 Sainte-Lucie
81%
3229 Trinité-et-Tobago
81%
3457 Barbade
80%
3755 Dominique
79%
3448 Grenade
77%
3955 Antigua-et-Barbuda
74%
3824 Pays-Bas (Bonaire)
41%
Aucun quiz correspondant
Distribution des résultats
% des personnes avec chaque résultat
Percentile par nombre de réponses
Votre historique - résultats
Vous n’avez pas pris ce quiz